Training [pt. 10] [
| Format: | Book |
|---|---|
| Published: |
England :
Man Management Production ,
1987
|
| Series: | The Professional Manager Series
|
MARC
| LEADER | 00000cam a2200000 7i4500 | ||
|---|---|---|---|
| 001 | 0000004897 | ||
| 005 | 20081115.0 | ||
| 040 | |a INS | ||
| 090 | 0 | 0 | |a VCD 655 |
| 245 | 0 | 0 | |a Training [pt. 10] [ |h video disc] |
| 260 | |a England : |b Man Management Production , |c 1987 | ||
| 300 | |a 1 videodisc (28 min.) : |b sd., col., ill. ; |c 4 3/4 in. | ||
| 440 | 0 | |a The Professional Manager Series | |
| 500 | |a Also available in VHS format: VHS 730 | ||
| 999 | |a VCD0000655 |b VIDEO CD |c Media Collection |e Default branch | ||